Central Library OPAC University of Rajshahi

The concise Oxford companion to English literature / (Record no. 18041)

MARC details
000 -LEADER
fixed length control field 01365nam a2200325 a 4500
001 - CONTROL NUMBER
control field 18041
003 - CONTROL NUMBER IDENTIFIER
rucl marc code BD-RjUL
005 - DATE AND TIME OF LATEST TRANSACTION
control field 20211209000229.0
008 - FIXED-LENGTH DATA ELEMENTS--GENERAL INFORMATION
fixed length control field 140219s1987 enk bd 000 0deng
020 ## - INTERNATIONAL STANDARD BOOK NUMBER
International Standard Book Number 0198661401
035 ## - SYSTEM CONTROL NUMBER
System control number (BD-RjUL)18099
040 ## - CATALOGING SOURCE
Original cataloging agency DLC
Transcribing agency DLC
Modifying agency BD-RjUL
Language of cataloging eng
041 ## - LANGUAGE CODE
Language code of text/sound track or separate title eng
082 00 - DEWEY DECIMAL CLASSIFICATION NUMBER
Classification number 820.3
Edition number 20
Author mark and year CON 1987
245 14 - TITLE STATEMENT
Title The concise Oxford companion to English literature /
Statement of responsibility, etc. edited by Margaret Drabble and Jenny Stringer.
260 ## - PUBLICATION, DISTRIBUTION, ETC. (IMPRINT)
Place of publication, distribution, etc. New York :
Name of publisher, distributor, etc. Oxford University Press,
Date of publication, distribution, etc. c1987.
300 ## - PHYSICAL DESCRIPTION
Pagination vi, 631 p. ;
Size 24 cm.
500 ## - GENERAL NOTE
General note An abridgement of the 5th ed. of The Oxford companion to English literature.
650 #0 - SUBJECT ADDED ENTRY--TOPICAL TERM
Topical term or geographic name as entry element English literature
Form subdivision Encyclopedias.
9 (RLIN) 55592
Topical term or geographic name as entry element English literature
General subdivision Bio-bibliography
Form subdivision Encyclopedias.
9 (RLIN) 55593
651 #0 - SUBJECT ADDED ENTRY--GEOGRAPHIC NAME
Geographic name English-speaking countries
General subdivision Intellectual life
-- Encyclopedias.
9 (RLIN) 55594
Geographic name English-speaking countries
General subdivision In literature
-- Encyclopedias.
9 (RLIN) 55595
700 1# - ADDED ENTRY--PERSONAL NAME
Personal name Drabble, Margaret
Personal name Stringer, Jenny.
Dates associated with a name 1939-
856 42 - ELECTRONIC LOCATION AND ACCESS
Materials specified Publisher description
Uniform Resource Identifier <a href="http://www.loc.gov/catdir/enhancements/fy0637/87001595-d.html">http://www.loc.gov/catdir/enhancements/fy0637/87001595-d.html</a>
Materials specified Contributor biographical information
Uniform Resource Identifier <a href="http://www.loc.gov/catdir/enhancements/fy0724/87001595-b.html">http://www.loc.gov/catdir/enhancements/fy0724/87001595-b.html</a>
942 ## - ADDED ENTRY ELEMENTS (KOHA)
Source of classification or shelving scheme Dewey Decimal Classification
Koha item type Books
Holdings
Lost status Source of classification or shelving scheme Damaged status Not for loan Collection code Permanent Location Current Location Shelving location Date acquired Source of acquisition Cost, normal purchase price Total Checkouts Full call number Date last seen Copy number Koha item type
  Dewey Decimal Classification   Not For Loan Non-fiction Central Library, University of Rajshahi Central Library, University of Rajshahi Reading Room 19/07/1988 Momin Bro. 12.50   820.3 CON 1987 19/02/2014 C-1 Books